THE PERSPECTIVE OF KNOWLEDGE SOCIETY IN MALAYSIA /

Bibliographic Details
Main Author: Norsiah Abdul Hamid (Author)
Other Authors: Halimah Badioze Zaman( 1954-)
Format: Book
Language:English
Published: Sintok, Kedah: Penerbit Universiti Utara Malaysia, 2016.
Subjects:
LEADER 01233cam a2200373 7i4500
001 0000067143
005 20180319090000.0
005 ##20180319154100.0
003 ##MY-KlINT
008 180319t2016 my a e bi 001 0 eng
020 # # |a 9789670876375  
039 # 9 |y 201803191541  |z afmi 
040 # # |a IKWS 
082 0 0 |a 306.42 
090 0 0 |a 306.42   |b NOR 
100 1 # |a Norsiah Abdul Hamid   |e author 
245 1 0 |a THE PERSPECTIVE OF KNOWLEDGE SOCIETY IN MALAYSIA /   |c NORSIAH ABDUL HAMID, HALIMAH BADIOZE ZAMAN. 
260 # # |a Sintok, Kedah:   |b Penerbit Universiti Utara Malaysia,   |c 2016. 
264 # 0 |a Sintok, Kedah  |b Penerbit Universiti Utara Malaysia  |c 2016 
264 # 0 |c ♭2016 
300 # # |a xix, 245 pages;   |c 23cm. 
336 # # |a text  |2 rdacontent 
337 # # |a unmediated  |2 rdamedia 
338 # # |a volume  |2 rdacarrier 
500 # # |a Includes indexs 
504 # # |a Bibliography : pages 211-239 
583 # # |a Cataloging in progress 
650 # 0 |a Information society --   |z Malaysia  
650 # 0 |a Knowledge management --   |z Malaysia  
650 # 0 |a Knowledge, Sociology of  
700 0 # |a Halimah Badioze Zaman(  |d 1954-)  
997 |a IKWS 
998 |a 2016/549 
999 |a 3000017070  |b BOOK  |c Main Non-Fiction  |e INTAN Kampus Wilayah Selatan